<?xml version="1.0" encoding="UTF-8"?>
<record
    xmlns:xsi="http://www.w3.org/2001/XMLSchema-instance"
    xsi:schemaLocation="http://www.loc.gov/MARC21/slim http://www.loc.gov/standards/marcxml/schema/MARC21slim.xsd"
    xmlns="http://www.loc.gov/MARC21/slim">

  <leader>01419    a2200265   4500</leader>
  <controlfield tag="001">2162214035926813</controlfield>
  <controlfield tag="003">UA-OsUOA</controlfield>
  <controlfield tag="005">20260511122627.0</controlfield>
  <controlfield tag="008">260511b        un ||||| |||| 00| f ukr d</controlfield>
  <datafield tag="020" ind1=" " ind2=" ">
    <subfield code="a">9786177372225</subfield>
  </datafield>
  <datafield tag="040" ind1=" " ind2=" ">
    <subfield code="a">UA-OsUOA</subfield>
    <subfield code="b">ukr</subfield>
    <subfield code="c">UA-OsUOA</subfield>
    <subfield code="d">UA-OsUOA</subfield>
  </datafield>
  <datafield tag="041" ind1=" " ind2=" ">
    <subfield code="a">ukr</subfield>
  </datafield>
  <datafield tag="080" ind1=" " ind2=" ">
    <subfield code="a">821.161.2(436.7)</subfield>
  </datafield>
  <datafield tag="090" ind1=" " ind2=" ">
    <subfield code="a">821.161.2(436.7)</subfield>
    <subfield code="b">&#x42F;93</subfield>
  </datafield>
  <datafield tag="100" ind1=" " ind2=" ">
    <subfield code="a">&#x42F;&#x446;&#x43A;&#x430;&#x43D;&#x438;&#x43D; &#x406;.</subfield>
    <subfield code="9">25208</subfield>
  </datafield>
  <datafield tag="245" ind1=" " ind2=" ">
    <subfield code="a">&#x421;&#x442;&#x43E;&#x440;&#x43E;&#x43D;&#x43D;&#x456;&#x43C; &#x432;&#x445;&#x456;&#x434; &#x437;&#x430;&#x431;&#x43E;&#x440;&#x43E;&#x43D;&#x435;&#x43D;&#x43E;</subfield>
    <subfield code="b">&#x43E;&#x43F;&#x43E;&#x432;&#x456;&#x434;&#x430;&#x43D;&#x43D;&#x44F;</subfield>
    <subfield code="c">&#x43F;&#x435;&#x440;&#x435;&#x434;&#x43C;. &#x41E;. &#x406;&#x433;&#x43D;&#x430;&#x442;&#x43E;&#x432;&#x438;&#x447;</subfield>
  </datafield>
  <datafield tag="260" ind1=" " ind2=" ">
    <subfield code="a">&#x423;&#x436;&#x433;&#x43E;&#x440;&#x43E;&#x434;</subfield>
    <subfield code="b">TIMPANI</subfield>
    <subfield code="c">2018</subfield>
  </datafield>
  <datafield tag="300" ind1=" " ind2=" ">
    <subfield code="a">112 &#x441;.</subfield>
  </datafield>
  <datafield tag="520" ind1=" " ind2=" ">
    <subfield code="a">&#x41D;&#x43E;&#x432;&#x443; &#x43A;&#x43D;&#x438;&#x433;&#x443; &#x432;&#x456;&#x434;&#x43E;&#x43C;&#x43E;&#x433;&#x43E; &#x441;&#x443;&#x447;&#x430;&#x441;&#x43D;&#x43E;&#x433;&#x43E; &#x443;&#x43A;&#x440;&#x430;&#x457;&#x43D;&#x441;&#x44C;&#x43A;&#x43E;&#x433;&#x43E; &#x43F;&#x438;&#x441;&#x44C;&#x43C;&#x435;&#x43D;&#x43D;&#x438;&#x43A;&#x430; &#x421;&#x43B;&#x43E;&#x432;&#x430;&#x447;&#x447;&#x438;&#x43D;&#x438; &#x406;&#x432;&#x430;&#x43D;&#x430; &#x42F;&#x446;&#x43A;&#x430;&#x43D;&#x438;&#x43D;&#x430; &#x441;&#x43A;&#x43B;&#x430;&#x434;&#x430;&#x44E;&#x442;&#x44C; &#x43F;&#x441;&#x438;&#x445;&#x43E;&#x43B;&#x43E;&#x433;&#x456;&#x447;&#x43D;&#x43E;-&#x444;&#x456;&#x43B;&#x43E;&#x441;&#x43E;&#x444;&#x441;&#x44C;&#x43A;&#x456; &#x43E;&#x43F;&#x43E;&#x432;&#x456;&#x434;&#x430;&#x43D;&#x43D;&#x44F;. &#x423; &#x442;&#x432;&#x43E;&#x440;&#x430;&#x445; &#x43F;&#x440;&#x43E;&#x437;&#x430;&#x457;&#x43A;&#x430; &#x43F;&#x43E;&#x440;&#x443;&#x448;&#x443;&#x44E;&#x442;&#x44C;&#x441;&#x44F; &#x435;&#x43A;&#x437;&#x438;&#x441;&#x442;&#x435;&#x43D;&#x446;&#x456;&#x439;&#x43D;&#x456; &#x43F;&#x440;&#x43E;&#x431;&#x43B;&#x435;&#x43C;&#x438;, &#x430;&#x43A;&#x446;&#x435;&#x43D;&#x442;&#x443;&#x454;&#x442;&#x44C;&#x441;&#x44F; &#x443;&#x432;&#x430;&#x433;&#x430; &#x43D;&#x430; &#x43F;&#x43E;&#x448;&#x443;&#x43A;&#x430;&#x445; &#x43F;&#x435;&#x440;&#x441;&#x43E;&#x43D;&#x430;&#x436;&#x430;&#x43C;&#x438; &#x441;&#x430;&#x43C;&#x43E;&#x456;&#x434;&#x435;&#x43D;&#x442;&#x438;&#x444;&#x456;&#x43A;&#x430;&#x446;&#x456;&#x457;.
&#x412;&#x438;&#x434;&#x430;&#x43D;&#x43D;&#x44F; &#x440;&#x43E;&#x437;&#x440;&#x430;&#x445;&#x43E;&#x432;&#x430;&#x43D;&#x435; &#x43D;&#x430; &#x448;&#x438;&#x440;&#x43E;&#x43A;&#x435; &#x43A;&#x43E;&#x43B;&#x43E; &#x447;&#x438;&#x442;&#x430;&#x447;&#x456;&#x432;.</subfield>
  </datafield>
  <datafield tag="650" ind1=" " ind2=" ">
    <subfield code="a">82 &#x41B;&#x456;&#x442;&#x435;&#x440;&#x430;&#x442;&#x443;&#x440;&#x430;. &#x41B;&#x456;&#x442;&#x435;&#x440;&#x430;&#x442;&#x443;&#x440;&#x43E;&#x437;&#x43D;&#x430;&#x432;&#x441;&#x442;&#x432;&#x43E;</subfield>
    <subfield code="9">15</subfield>
  </datafield>
  <datafield tag="700" ind1="1" ind2=" ">
    <subfield code="a">&#x406;&#x433;&#x43D;&#x430;&#x442;&#x43E;&#x432;&#x438;&#x447; &#x41E;.</subfield>
    <subfield code="9">25212</subfield>
  </datafield>
  <datafield tag="942" ind1=" " ind2=" ">
    <subfield code="c">BK</subfield>
    <subfield code="2">udc</subfield>
  </datafield>
  <datafield tag="955" ind1=" " ind2=" ">
    <subfield code="a">3</subfield>
  </datafield>
  <datafield tag="999" ind1=" " ind2=" ">
    <subfield code="c">580688</subfield>
    <subfield code="d">580688</subfield>
  </datafield>
  <datafield tag="952" ind1=" " ind2=" ">
    <subfield code="0">0</subfield>
    <subfield code="1">0</subfield>
    <subfield code="2">udc</subfield>
    <subfield code="4">0</subfield>
    <subfield code="7">0</subfield>
    <subfield code="8">C_Shevchuk_V.</subfield>
    <subfield code="a">101</subfield>
    <subfield code="b">101</subfield>
    <subfield code="d">2026-05-11</subfield>
    <subfield code="e">&#x410;&#x43A;&#x442; &#x2116;24/28.04.2026</subfield>
    <subfield code="g">25.00</subfield>
    <subfield code="i">169921</subfield>
    <subfield code="l">0</subfield>
    <subfield code="o">821.161.2(436.7) &#x42F;93</subfield>
    <subfield code="p">169921</subfield>
    <subfield code="r">2026-05-11 12:29:58</subfield>
    <subfield code="v">25.00</subfield>
    <subfield code="w">2026-05-11</subfield>
    <subfield code="y">BK</subfield>
    <subfield code="z">&#x417; &#x430;&#x432;&#x442;&#x43E;&#x433;&#x440;&#x430;&#x444;&#x43E;&#x43C; &#x430;&#x432;&#x442;&#x43E;&#x440;&#x430;</subfield>
  </datafield>
</record>
